| 000 | 01403cam a2200373 a 4500 | ||
|---|---|---|---|
| 001 | 12575318 | ||
| 003 | Nust- CAS-E | ||
| 005 | 20180118181407.0 | ||
| 008 | 011030s2001 enka b 001 0 eng d | ||
| 010 | _a 2001275904 | ||
| 015 | _aGBA1-W8607 | ||
| 020 | _a0471491306 | ||
| 035 | _a(OCoLC)ocm47271489 | ||
| 040 |
_aUKM _cUKM _dDLC |
||
| 042 | _alccopycat | ||
| 050 | 0 | 0 |
_aHD58.9 _b.C78 2001 |
| 082 | 0 | 0 |
_a658.4 _221 _bBRI-T 2001 |
| 100 | 1 | _aCruise O'Brien, Rita. | |
| 245 | 1 | 0 |
_aTrust : _breleasing the energy to succeed / _cRita Cruise O'Brien. |
| 260 |
_aChichester; _aNew York : _bWiley _cc2001. |
||
| 300 |
_axxii, 234 p. : _bill. ; _c24 cm. |
||
| 502 | _a0 | ||
| 504 | _aIncludes index. | ||
| 504 | _aIncludes bibliographical references (p. 223-224) and index. | ||
| 650 | 0 | _aOrganizational effectiveness. | |
| 650 | 0 | _aTrust. | |
| 650 | 0 | _aCommunication in management. | |
| 856 | 4 | 2 |
_3Contributor biographical information _uhttp://www.loc.gov/catdir/bios/wiley043/2001275904.html |
| 856 | 4 | 2 |
_3Publisher description _uhttp://www.loc.gov/catdir/description/wiley036/2001275904.html |
| 856 | 4 | 1 |
_3Table of contents _uhttp://www.loc.gov/catdir/toc/wiley021/2001275904.html |
| 906 |
_a7 _bcbc _ccopycat _d2 _encip _f20 _gy-gencatlg |
||
| 942 |
_2ddc _cBK |
||
| 999 |
_c355612 _d355612 |
||